Statistics for NHL Mascots

Click here to take the quiz!

General Stats

  • This quiz has been taken 284 times
  • The average score is 13 of 26

Answer Stats

HintAnswer% Correct
Detroit Red WingsAl Octopus
63%
L.A. KingsBailey
60%
Toronto Maple LeafsCarlton
57%
Vancouver CanucksFin
57%
New Jersey DevilsN. J. Devil
56%
Nashville PredatorsGnash
55%
Pittsburgh PenguinsIceburgh
55%
San Jose SharksS.J. Sharkie
55%
Montreal CanadiensYouppi
55%
Washington CapitalsSlapshot
52%
Colorado AvalancheBernie
51%
Boston BruinsBlades
50%
Anaheim DucksWildwing
49%
Columbus Blue JacketsStinger
48%
Calgary FlamesHarvey
47%
Chicago BlackhawksTommyhawk
47%
Phoenix CoyotesHowler
46%
New York IslandersSparky
46%
Tampa Bay LightningThunderbug
46%
St. Louis BluesLouie
44%
Ottawa SenatorsSpartacat
42%
Winnipeg JetsMick E. Moose
41%
Minnesota WildNordy
41%
Florida PanthersStanley C. Panther
40%
Buffalo SabresSabretooth
37%
Carolina HurricanesStormy
35%

Score Distribution

Percentile by Number Answered

Percent of People with Each Score

Your Score History

You have not taken this quiz